Statistics for LEGO Dimensions Franchises

Click here to take the quiz!

General Stats

  • This quiz has been taken 52 times
  • The average score is 22 of 30

Answer Stats

CharacterAnswer% Correct
Scooby-DooScooby-Doo
98%
Homer SimpsonThe Simpsons
98%
Marty McFlyBack To The Future
95%
Harry PotterHarry Potter
95%
E.T.E.T. The Extra-Terrestrial
93%
GandalfThe Lord Of The Rings
90%
WyldstyleThe LEGO Movie
88%
The DoctorDoctor Who
83%
JayNinjago
83%
Owen GradyJurassic World
81%
SonicSonic The Hedgehog
81%
Wicked WitchThe Wizard Of Oz
79%
BatmanDC Comics
76%
Newt ScamnderFantastic Beasts And Where To Find Them
74%
FinnAdventure Time
71%
Peter VenkmanGhostbusters
69%
Chase McCainLEGO City Undercover
69%
BatgirlThe LEGO Batman Movie
69%
Ethan HuntMission: Impossible
67%
SlothThe Goonies
67%
Beast BoyTeen Titans Go!
64%
GizmoGremlins
62%
Michael KnightKnight Rider
62%
BlossomThe Powerpuff Girls
62%
BetelgeuseBeetlejuice
55%
B.A. BaracusThe A-Team
55%
ChellPortal 2
52%
Abby YatesGhostbusters (2016)
45%
LavalLegends Of Chima
45%
Gamer KidMidway Arcade
40%

Score Distribution

Percentile by Number Answered

Percent of People with Each Score

Your Score History

You have not taken this quiz